Atlas Learning centered communication Book 2

Na minha lista:
Detalhes bibliográficos
Autor principal: Nunan, David
Formato: Livro
Idioma:Undetermined
Publicado em: Boston, MA Heinle & Heinle Pub 1995
Acesso em linha:http://lrc.tdmu.edu.vn/opac/search/detail.asp?aID=2&ID=7638
Tags: Adicionar Tag
Sem tags, seja o primeiro a adicionar uma tag!
Thư viện lưu trữ: Trung tâm Học liệu Trường Đại học Thủ Dầu Một
LEADER 00565nam a2200205Ia 4500
001 TDMU_7638
008 210410s9999 xx 000 0 und d
082 |a 428 
090 |b N512 
100 |a Nunan, David 
245 0 |a Atlas 
245 0 |b Learning centered communication 
245 0 |c David Nunan 
245 0 |n Book 2 
260 |a Boston, MA 
260 |b Heinle & Heinle Pub 
260 |c 1995 
300 |a 173 p 
856 |u http://lrc.tdmu.edu.vn/opac/search/detail.asp?aID=2&ID=7638 
980 |a Trung tâm Học liệu Trường Đại học Thủ Dầu Một